Facts About History Of India - Statistics

General Stats
  • This quiz has been taken 37 times
  • The average score is 3 of 12
Answer Stats
Hint Answer % Correct
Zero was invented by ________ Aryabhatta
72%
The University of _______ built in the 4th century BC was one of the greatest achievements of ancient India in the field of education. Nalanda
53%
_____ is the earliest school of medicine known to humans. Ayurveda
47%
_____ is the most suitable language for computer software, reported in Forbes magazine, July 1987. Sanskrit
47%
_______ is the father of surgery Sushruta
25%
_____ , the father of medicine consolidated Ayurveda 2500 years ago. Charaka
17%
The World's first university was established in ______ in 700BC. More than 10,500 students from all over the world studied more than 60 subjects. Takshila
17%
_____________ calculated the time taken by the earth to orbit the sun hundreds of years before the astronomer Smart. Bhaskaracharya
14%
The art of Navigation was born in the river _____ 6000 years ago. Sindh
14%
When many cultures were only nomadic forest dwellers over 5000 years ago, Indians established __________ culture in Sindhu Valley (Indus Valley Civilization) Harappan
8%
The value of pi was first calculated by ______, and he explained the concept of what is known as the Pythagorean Theorem. He discovered this in the 6th century long before the European mathematicians. Budhayana
0%
Quadratic equations were by _______ in the 11th Century Sridharacharya
0%
No matching quizzes found
Score Distribution
Percent of People with Each Score
Percentile by Number Answered
Your Score History
You have not taken this quiz